[Event "Buenos Aires Philidor CC Christmas"]
[Site "Buenos Aires"]
[Date "2019.12.12"]
[Round "4.4"]
[White "Lejbowicz, Tobias"]
[Black "Ruiz Diaz, Alfredo"]
[Result "1-0"]
[WhiteElo "1890"]
[BlackElo "1913"]
[PlyCount "67"]
[EventDate "2019.12.03"]
[EventType "swiss"]
[EventRounds "6"]
[EventCountry "ARG"]
[SourceTitle "EXT 2024"]
[Source "ChessBase"]
[SourceDate "2023.10.10"]
[SourceVersion "1"]
[SourceVersionDate "2023.10.10"]
[SourceQuality "1"]

1. e4 e5 2. Nc3 Bc5 3. d3 Nf6 4. g3 d6 5. Na4 Bb6 6. Nxb6 axb6 7. Bg2 0-0 8. Nf3 Re8 9. 0-0 Be6 10. Ng5 Bd7 11. f4 exf4 12. Bxf4 h6 13. Nf3 Nc6 14. Qd2 Kh7 15. a3 Bg4 16. Rae1 Bxf3 17. Bxf3 Ne5 18. Bd1 Ng6 19. Be3 Kg8 20. Qf2 Kh7 21. Bd4 Re6 22. Qg2 c5 23. Bc3 Qe7 24. Rf5 Rf8 25. Ref1 Nd7 26. Qf2 Nge5 27. b4 f6 28. Bd2 Ra8 29. Bc1 Nc6 30. c3 Nce5 31. Qd2 c4 32. dxc4 Nxc4 33. Qd3 Nde5 34. Qd4 1-0